| 000 | 00439nam a2200145Ia 4500 | ||
|---|---|---|---|
| 008 | 151021s9999 xx 000 0 und d | ||
| 020 | _a136406653 | ||
| 050 | _aHM 131 .S385 1987 | ||
| 245 | _a_Organizations Rational,natural,and open systems[2nd ed] Richard scott W | ||
| 260 | _aNew Jersey Prentice Hall 1987 | ||
| 300 | _axvii,377p. | ||
| 500 | _aIncludes index | ||
| 650 | _a_Organizations | ||
| 980 | _a^d20110708 01:05:36^okorir | ||
| 999 |
_c7662 _d7662 |
||